MDQL
is popping MORE tags! Check the
thread
!
Quizzes
Events
Quiz Creation
Community
Videos
Private Events
Remove Ads
Sign In
Join for FREE
Feedback
Dark Mode
Quiz Categories
Sports
Geography
Music
Movies
Television
Just For Fun
Miscellaneous
History
Literature
Language
Science
Gaming
Entertainment
Religion
Holiday
For Kids
Quiz Lab
Recent
Popular Today
Quiz Kudos Today
Editor Picks
Curator Picks
Quizzes by...
Day
Popularity
Type
Ratings
Length
Year
Community
Subscriptions
Recent Discussions
Orange Saloon
Badges
Playlists
Quests
Create
Leaderboards
Showdown
Live 5
Trivia Bingo
Activity
Puzzle Library
Sporcle Events
Private Events
Virtual Trivia
Globe League
Become a Host
Pub Owners
SporcleCon
Opinionation
Our Games
Videos
Blog
Mobile Apps
Partnerships
Remove Ads and Go Orange
Feedback
Sports
Athletes
MLB
NBA
NHL
NFL
Soccer
Sports Teams
WWE
NCAA
Football
Premier League
Basketball
Baseball
Hockey
Golf
Tennis
Cricket
Rugby
Auto Racing
Olympics
World Cup
Sports
Athletes
MLB
NBA
NHL
NFL
Soccer
Sports Teams
WWE
NCAA
Football
Premier League
Basketball
Baseball
Hockey
Golf
Tennis
Cricket
Rugby
Auto Racing
Olympics
World Cup
Random Quiz
Search Sporcle
×
Quiz Lab
Quiz Lab
Sports
Football
Type in answers that appear in a list
Type in answers that appear in a list
Classic
Best Score? Go Orange.
Pittsburgh Penguins since 2000 Stats
Can you name the players who have played at least one game for the Pittsburgh Penguins between 2000-01 and 2009-10?
By
moose2438
15m
180 Questions
411 Plays
411 Plays
411 Plays
Comments
Comments
Give Quiz Kudos
Give Quiz Kudos
-
- Ratings
hide this ad
Replay
Link that replays current quiz
Next Quiz
Link to next quiz in quiz playlist
You Got
0%
They Got
Avg Score
48%
Avg Friend Score
Upgrade to see
Score Distribution
Jump to the score distribution portion of the page
Score
0/180
Timer
15:00
0
Plays Today
Position
Player
% Correct
C
Sidney Crosby
98.3%
G
Marc-Andre Fleury
98.3%
C
Evgeni Malkin
97.8%
C
Mario Lemieux
94.2%
C
Jordan Staal
92.7%
G
Brent Johnson
92.2%
RW
Nick Johnson
91.7%
RW
Jaromir Jagr
91%
D
Sergei Gonchar
91%
D
Kris Letang
91%
D
Brooks Orpik
89.1%
RW
Alexei Kovalev
88.8%
LW
Chris Kunitz
86.4%
C
Maxime Talbot
84.9%
LW
Martin Straka
83.9%
LW
Ryan Malone
82.7%
LW
Pascal Dupuis
81%
RW
Mark Recchi
80.8%
RW
Bill Guerin
80.5%
G
Johan Hedberg
80%
D
Rob Scuderi
79.3%
RW
Marian Hossa
78.6%
D
Hal Gill
77.9%
C
Tyler Kennedy
76.4%
C
Robert Lang
76.2%
G
Mathieu Garon
76.2%
LW
Matt Cooke
74.9%
C
Craig Adams
74.7%
RW
Colby Armstrong
74.7%
RW
Aleksey Morozov
74.2%
D
Alex Goligoski
74.2%
G
Sebastian Caron
74%
RW
Petr Sykora
73.7%
LW
Ruslan Fedotenko
73.5%
D
Ryan Whitney
73.5%
RW
Miroslav Satan
72.3%
D
Mark Eaton
71.3%
D
Dick Tarnstrom
70.1%
G
Jean-Sebastian Aubin
70.1%
G
Ty Conklin
67.2%
C
Jan Hrdina
66.7%
LW
Gary Roberts
66.2%
RW
Ziggy Palffy
66.2%
LW
Kevin Stevens
65.9%
C
Erik Christensen
64.7%
LW
Rico Fata
64%
RW
Georges Laraque
64%
RW
Eric Godard
60.8%
LW
Jarkko Ruutu
60.6%
G
Dany Sabourin
60.6%
RW
Konstantin Koltsov
60.3%
D
Darius Kasparaitis
60.3%
D
Ben Lovejoy
60.3%
G
Jocelyn Thibault
59.9%
LW
John LeClair
59.6%
D
Josef Melichar
59.6%
G
John Curry
58.9%
D
Philippe Boucher
58.6%
C
Milan Kraft
58.4%
C
Kris Beech
57.7%
Position
Player
% Correct
LW
Alexei Ponikarovsky
55.7%
D
Darryl Sydor
55.7%
D
Deryk Engelland
55%
C
Mark Letestu
53.5%
RW
Mikael Samuelsson
53.3%
RW
Mike Rupp
52.6%
C
Nathan Smith
51.8%
D
Ric Jackman
51.8%
C
Mike Zigomanis
50.9%
D
Jordan Leopold
49.9%
G
Garth Snow
49.9%
C
Dominic Moore
49.6%
LW
Eric Tangradi
49.1%
D
Janne Laukkanen
49.1%
D
Michal Roszival
48.4%
LW
Michel Ouellet
48.2%
RW
Tomas Surovy
47.2%
RW
Adam Hall
46.5%
D
Hans Jonsson
46.5%
RW
Nils Ekman
46.2%
C
Dustin Jeffrey
46%
LW
Luca Caputi
45.5%
G
Alexander Pechurski
45.3%
D
Jiri Slegr
45%
C
Randy Robitaille
44.5%
D
Mike Wilson
44.5%
LW
Ramzi Abid
44.3%
RW
Landon Wilson
44.3%
C
Wayne Primeau
44%
D
Ian Moran
43.1%
RW
Tom Kostopoulos
42.1%
RW
Matthew Barnaby
41.4%
D
Andrew Ference
41.4%
D
Jay McKee
41.1%
C
Kelly Buchberger
40.6%
LW
Jeff Taffe
40.4%
RW
Chris Conner
40.4%
D
Eric Cairns
39.9%
C
Shane Endicott
39.7%
C
Chris Thorburn
39.4%
G
Andy Chiodo
39.4%
RW
Ronald Petrovicky
38.9%
C
Brian Holzinger
38.4%
LW
Jani Rita
38.4%
G
Rich Parent
38.4%
D
Lyle Odelein
38.2%
D
Noah Welch
38.2%
LW
Chris Bourque
37.5%
LW
Jon Sim
37.5%
C
Michal Sivek
37.2%
C
Mike Eastwood
36.7%
RW
Ville Nieminen
36.5%
RW
Billy Tibbetts
36.3%
C
Ryan Stone
36%
D
Marc Bergevin
35.5%
D
Micki DuPont
35.5%
LW
Matt Murley
35.3%
LW
Chris Minard
35.3%
LW
Janne Pesonen
35.3%
LW
Steve McKennya
35%
Position
Player
% Correct
LW
Krzysztof Oliwa
35%
LW
Paul Bissonnette
35%
RW
Bill Thomas
35%
D
Nate Guenin
35%
LW
Andre Roy
34.8%
LW
Kip Miller
34.8%
C
Andy Hilbert
34.3%
LW
Connor James
34.3%
RW
Tim Wallace
34.3%
C
Lasse Pirjeta
33.8%
RW
Stephane Richer
33.8%
LW
Josef Beranek
33.6%
RW
Eric Meloche
33.3%
D
Alain Nasreddine
33.3%
D
Drake Berehowsky
32.4%
D
Ross Lupaschuk
32.1%
RW
Eric Boguniecki
31.9%
RW
Ryan VandenBussche
31.9%
D
Dan Focht
31.9%
RW
Jonathan Filewich
31.4%
LW
Guillaume Lefebvre
31.1%
G
Martin Brochu
31.1%
LW
Karl Stewart
30.9%
RW
Matt Bradley
30.9%
C
Matt Hussy
30.7%
C
Kent Manderville
30.2%
C
Tiby Peterson
29.9%
LW
Dan LaCouture
29.9%
D
Joel Bouchard
29.9%
D
Joel Kwiatkowski
29.9%
D
Martin Skoula
29.4%
LW
Niklas Nordgren
29.2%
RW
Shean Donovan
28.7%
RW
Steve Webb
28.7%
D
Steve Poapst
28%
C
Mathias Johansson
27.3%
C
Tim Brent
27.3%
D
Martin Strbak
26.8%
D
Cory Cross
26.5%
D
Richard Lintner
26%
C
Roman Simicek
25.5%
D
Jeff Norton
25.3%
D
Shawn Heins
25.1%
LW
Reid Simpson
24.8%
RW
Alexandre Daigle
24.6%
D
Bob Boughner
24.6%
D
Bobby Dollas
23.4%
D
Nolan Baumgartner
22.6%
D
Patrick Boileau
22.1%
LW
Rene Corbet
21.9%
D
Dan Trebil
21.7%
D
Sven Butenschon
21.7%
C
Jeff Toms
21.4%
RW
Dennis Bonvie
21.4%
D
Frantisek Kucera
21.2%
D
Jamie Pushor
20.9%
D
Rick Berry
20%
LW
Greg Crozier
18.5%
LW
Vladimir Vujtek
17.5%
D
John Jakopin
14.8%
Quiz Playlist
Details
Report
Send in Message
Add To Playlist
Classic:
Type in answers that appear in a list
Quiz Source
Last Updated: Feb 16, 2017
Quiz Scoreboard
CHALLENGE
Sign Up to Join the Scoreboard
Show All
Scores
Hide
Comments
May contain spoilers
Recently Published
5x2 Blitz: Bands
by SL_Kpop136
Music
30s
Colored Red Africa Blitz
by spor1
Geography
30s
Find the 'City' Movie
by crazypaving
Movies
60s
More to Explore
Quiz From the Vault
Featured Blog Post
14 Easter Pick-up Lines to Find Eggs With
hide this ad
You Might Also Like...
Tags
Football Quiz
2000
2000-2001
least
penguin
pittsburgh
Pittsburgh Penguins
Player
season
Today's Top Quizzes in Sports
Browse Sports
hide this ad
Today's Top Quizzes in Football
Browse Football
Top Contributed Quizzes in Sports
1
Players with Multiple 50 Home Run Seasons
2
Les entraîneurs de l'OM et du PSG au 21e siècle
3
Criteria MLB: Left Handed Sluggers
4
2022 World Cup Stars
5
Les meilleurs buteurs des matchs entre le PSG et l’OM
6
Who Hit More Homers?
7
Les joueurs passés par le PSG et l'OM
8
NBA Logic Puzzle 2.0
9
Top 10 NHL Goal Scorers of All Time
10
MLB Players with Two .350 Batting Average Seasons
Explore More
Trending Topics
Disney
Marvel
Kpop
Harry Potter
Crossword
NBA
Anime
Song
WWE
Puzzle
NFL
The Office
Country
Soccer
Pokémon
hide this ad
More By:
moose2438
Quiz
Plays
Rating
Category
Featured
Created
MLB team hits leaders since 1990
3,154
4.15
Sports
Feb 6, 2012
Pirate Hit Leaders
2,816
5.00
Sports
Feb 8, 2010
MLB players who hit home runs in 1998
2,802
3.87
Sports
Mar 2, 2012
Toronto Blue Jays common batting orders, 2000-2019
2,633
4.60
Sports
Dec 15, 2011
MLB players who hit home runs in 2001
2,193
4.42
Sports
Feb 13, 2012
Go to Creator's Profile
Score Distribution
Quiz Creator Spotlight
moose2438
Follow
Send a Message
Quizzes Created
-
Created Quiz Play Count
-
More By This Creator
Popular Quizzes Today
1
Find the 'City' Movie
2
Colored Red Africa Blitz
3
Find the US States - No Outlines Minefield
4
5x2 Blitz: Bands
5
The Countries of the World
6
Find the US States
7
US States
8
9x9 Crossword: Cartoon Network
More Sports Quizzes
Click the NCAA Aggies
Curator's Pick
Trending Quizzes
Colored Red Europe Blitz I
Colored Red Africa Blitz II
Colored Red Europe Blitz II
Colored Red Africa Blitz III
Colored Red Europe Blitz III
Recently Updated
2024 March Madness Bracket
pecheneg
Famous TV Couples
Peacemaker
Champions League XIs: Real Madrid
pecheneg
Largest US Cities 1790-2010
pecheneg
Rides in Walt Disney World
pecheneg
Most Oscar Losses (Acting)
pecheneg
Beyoncé Albums
pecheneg
Leaping Animals
pecheneg
Reality TV Shows (A-Z)
bhenderson79
Rickey Henderson's Hall of Fame Teammates
pecheneg
Trending Topics
Crossword
Harry Potter
Disney
Anime
NBA
Marvel
Kpop
NFL
Soccer
Pokémon
The Office
WWE
Song
Puzzle
Country
Your Account Isn't Verified!
In order to create a playlist on Sporcle, you need to verify the email address you used during registration. Go to your
Sporcle Settings
to finish the process.
Report this User
Report this user for behavior that violates our
Community Guidelines
.
Details:
Send Report
Go to the Sporcle.com Mobile Site →
Comments